[Event "TUR-ch"]
[Site "Antalya"]
[Date "2013.02.08"]
[Round "10"]
[White "Gok, Irfan"]
[Black "Guvenli, Mustafa"]
[Result "1-0"]
[WhiteElo "1785"]
[BlackElo "1612"]
[PlyCount "53"]
[EventDate "2013.02.02"]
[EventType "swiss"]
[EventRounds "11"]
[EventCountry "TUR"]
[SourceTitle "CBM 152 Extra"]
[Source "ChessBase"]
[SourceDate "2013.02.25"]
[SourceVersion "1"]
[SourceVersionDate "2013.02.25"]
[SourceQuality "1"]

1. e4 g6 2. d4 b6 3. Bc4 e6 4. Nf3 d6 5. Nc3 Bb7 6. 0-0 Ba6 7. Bxa6 Nxa6 8. Qe2 Qc8 9. a3 Nf6 10. Bg5 Nd7 11. Rfe1 Bg7 12. Rad1 0-0 13. Nb5 Nab8 14. c4 a6 15. Nc3 Re8 16. Qd2 c6 17. Ne2 d5 18. cxd5 exd5 19. exd5 cxd5 20. Nc3 Rxe1+ 21. Rxe1 Qb7 22. Re8+ Nf8 23. Re7 Nbd7 24. Qf4 f6 25. Bh6 Ne6 26. Qd6 Bxh6 27. Qxe6+ 1-0

[Event "TUR-ch"]
[Site "Antalya"]
[Date "2013.02.06"]
[Round "7"]
[White "Duzgun, Mehmet"]
[Black "Gok, Irfan"]
[Result "1/2-1/2"]
[WhiteElo "1965"]
[BlackElo "1785"]
[PlyCount "76"]
[EventDate "2013.02.02"]
[EventType "swiss"]
[EventRounds "11"]
[EventCountry "TUR"]
[SourceTitle "CBM 152 Extra"]
[Source "ChessBase"]
[SourceDate "2013.02.25"]
[SourceVersion "1"]
[SourceVersionDate "2013.02.25"]
[SourceQuality "1"]

1. e4 d5 2. exd5 Nf6 3. Nf3 Qxd5 4. Nc3 Qa5 5. d4 c6 6. Bd3 Bg4 7. h3 Bh5 8. Qe2 e6 9. Bd2 Qc7 10. 0-0-0 Nbd7 11. g4 Bg6 12. Bxg6 hxg6 13. Ng5 Nb6 14. Qf3 Bd6 15. Nce4 Nxe4 16. Nxe4 Be7 17. Bf4 Qc8 18. Be5 Rg8 19. g5 Qd7 20. Kb1 Nc4 21. h4 Qd5 22. Rhe1 Qb5 23. Qb3 Qxb3 24. axb3 Nxe5 25. dxe5 Rh8 26. Rd4 Rd8 27. Red1 Rxd4 28. Rxd4 c5 29. Ra4 b5 30. Rxa7 Rxh4 31. Nc3 b4 32. Na4 Rh1+ 33. Ka2 Re1 34. f4 Rf1 35. Ra8+ Kd7 36. Ra7+ Ke8 37. Ra8+ Kd7 38. Ra7+ Ke8 1/2-1/2